000 01436cam a2200337 a 4500
001 8663268
003 OSt
005 20180116192431.0
008 110408s2011 enk 000 0 eng d
015 _aGBB0D4855
_2bnb
020 _a9781902902890 (pbk.)
020 _a1902902890 (pbk.)
035 _a(OCoLC)ocn714458972
035 _a(OCoLC)714458972
035 _a(NNC)8663268
040 _aEQO
_cCNCCA
_dBON
_dAMH
_dYDXCP
_dNNC
050 4 _aNA682.M63
_bM47 2011
082 0 4 _a724.6
_222
100 1 _aMertins, Detlef.
_98266
245 1 0 _aModernity unbound :
_bother histories of architectural modernity /
_cDetlef Mertins.
260 _aLondon :
_bArchitectural Association,
_cc2011.
300 _a187, [13] p. :
_bill. ;
_c18 cm.
490 1 _aArchitecture words ;
_v7
505 0 _aGlass architecture -- Anything but literal: Sigfried Giedion and the reception of Cubism in Germany -- Transparency: autonomy and relationality -- Then enticing and threatening face of prehistory: Walter Benjamin and the utopia of glass - Walter Benjamin and the tectonic unconscious: using architecture as an optical instrument -- Same difference -- Mies's event space -- Bioconstructivisms -- Pervasive plasticity.
650 0 _aModern movement (Architecture)
_98267
650 0 _aArchitecture
_xPhilosophy.
_98268
830 0 _aArchitecture words ;
_v7.
_98265
942 _2ddc
_cBK
948 1 _a20110630
_bc
_cfra1
_dOSMC
999 _c354122
_d354122